000 003220000a22001330004500
060 _a100
082 _a581.012 PLO;1
100 _aPlowden, Chicheley C
245 _aManual of plant names
260 _aLondon, George Allen & Unwin Ltd
300 _a260
650 _aPlants/ generic names/ common names
942 _cBK
999 _c359175
_d359175